00875nam a22002171 45000010005000000030008000050050017000130080041000300350018000710400038000890410008001270820016001351100043001512450195001942600041003893000027004306500031004579420012004889990015005009520142005157290BD-RjUL20211208234407.0140113s1952 at 000 0 eng d a(BD-RjUL)7333 aDLC/ICUcICUdDLCd(BD-RjUL)beng aeng00a509.94bSCI2 aAustralian National University.92276710aScience in Australia :bproceedings of a seminar organised by the Australian National University on the occasion of the jubilee of the Commonwealth of Australia, Canberra, July 24-27, 1951 / aMelbourne :bF.W. Cheshire ;c[1952] axxxi, 192 p. ;c22 cm. 0aSciencezAustralia.922766 2ddccBK c7290d7290 00102ddc40718NFICaRUCLbRUCLcreadingd1959-03-17eJohnathan Wron Giftl0o509.94 SCI 1952r2014-01-13 00:00:00tC-1w2014-01-13yBK